000
00343nam a2200133Ia 4500
008
231017s9999 xx 000 0 und d
082
_a
363.2871HOU
082
_b
HOU
245
0
_a
US Marine Salvage Assets and Capabilities in a Maritime Disaster: Summary of a Workshop
245
0
_c
TRB
260
_b
TRB
300
_c
30cm
942
_c
REP
999
_c
603724
_d
603724